| 000 | nam a22 7a 4500 | ||
|---|---|---|---|
| 999 |
_c4840 _d4840 |
||
| 003 | AKMAL | ||
| 005 | 20200825104448.0 | ||
| 008 | 200825s2020 my e o000 0 may d | ||
| 020 | _qPrint from JKDM Web | ||
| 040 | _aAKMAL | ||
| 082 | 0 | 4 | _a352.448595 JKDM |
| 090 | 0 | 0 |
_a352.448595 _bJKDM |
| 100 | 0 |
_eauthor. _97644 |
|
| 245 | 1 | 0 | _aPELAN STRATEGIK JABATAN KASTAM DIRAJA MALAYSIA 2020-2024 |
| 260 | 1 |
_aPutrajaya : _bBahagian Perancangan Korporat, Ibu Pejabat Kastam Diraja Malaysia, _c2019 |
|
| 300 |
_bcolour illustrations ; _c29cm |
||
| 700 | 0 |
_eeditor _97644 |
|
| 710 | 2 |
_aJabatan Kastam Diraja Malaysia _9836 |
|
| 942 |
_2ddc _cBOOK |
||
| 950 | _lAKMAL | ||